000 00759nam a2200217Ii 4500
003 JO-AjNU
008 230605s9999||||xx |||||||||||||| ||und||
017 _a2014/7/3527
020 _a978-9957-94-130-7
040 _aJO-AjNU
_bara
_erda
_cJO-AjNU
041 _aara
050 1 4 _aPJ7952 2014
100 3 _aالنوباني، ميسون طه,
_eauthor
_961112
245 0 0 _aحين أتيت
264 3 1 _aعمان: وزارة الثقافه، 2014
300 _a197ص
_b الطفيلة مدينة الثقافة الاردنية 2014/ عمان: وزارة الثقافة
336 _atext
_btxt
_2rdacontent
337 _aunmediated
_bn
_2rdamedia
338 _avolume
_bnc
_2rdacarrier
650 4 _aالشعر العربي-الأردن-قرن20
_961113
999 _aA27603
_c31171
_d31171